| 000 | 04075nab a2200325 i 4500 | ||
|---|---|---|---|
| 003 | BR-BrBNA | ||
| 005 | 20260127153713.0 | ||
| 008 | 260127b2016 bl.qr|pooa||| 00| 0 por | | ||
| 040 |
_aBR-BrBNA _bpor |
||
| 072 |
_aK50 _b3140 |
||
| 100 | _aBaldin, Talita | ||
| 100 | _aSilveira, Amanda Grassmann da | ||
| 100 | _aVidrano, Bibiana Regina Argenta | ||
| 100 | _aCancian, Luciano Campos | ||
| 100 | _aSpatt, Leandro Lima | ||
| 100 | _aHaselein, Clovis Roberto | ||
| 245 | _aQualidade de painéis aglomerados produzidos com diferentes proporções de madeira e capim-annoni | ||
| 500 | _a Publicação online; 32 ref.; 9 tables; Summaries (En, Pt) | ||
| 520 | _a RESUMO - A aplicação de matérias-primas alternativas na fabricação de painéis vem ganhando destaque e já é objeto de diversos estudos, dentre essas encontra-se a Eragrostis plana Nees (capim-annoni), gramínea invasora nos campos sulinos. Objetivou-se verificar a possibilidade de utilização do capim-annoni na fabricação de painéis aglomerados. Foram utilizadas três diferentes proporções de madeira de pinus (Pinus sp.) e capim-annoni e, dois tipos de adesivos, uréia-formaldeído e tanino-formaldeído. A avaliação da qualidade das chapas compreendeu na determinação das propriedades físicas: teor de umidade; densidade; absorção de água e inchamento em espessura, após 2 e 24 h de imersão e das propriedades mecânicas: flexão estática; arrancamento de parafusos; ligação interna e dureza Janka. As chapas produzidas exclusivamente com madeira de pinus apresentaram melhores resultados para a maioria das propriedades físico-mecânicas, diminuídas conforme se aumentou a porcentagem de incorporação de capim-annoni. A mistura de partículas de pinus com capim-annoni foi eficiente para homogeneizar as densidades das chapas, indicando-as para aplicações que não exijam elevada solicitação, tais como, isolante térmico acústico, decoração e artesanato. Palavras-chave: painéis de partículas, propriedades físico-mecânicas, tanino-formaldeído, uréia-formaldeído | ||
| 520 | _a ABSTRACT - The application of alternative raw materials to manufacture particleboards has gained considerable attention and it is now the objective of various studies. The capim-annoni (Eragrostis plana Nees.) is an invasive grass in the southern fields of Brazil and appears to be an example of such materials. This study aimed to verified the suitability of capim-annoni as a substrate in particleboards manufacturing. Three different proportions of wood (Pinus sp.) and capim-annoni were used, and two binders were tested (urea-formaldehyde and tannin-formaldehyde). Particleboard quality was assessed through evaluation of the following features physical-mechanical properties: moisture content, density, water absorption and thickness swelling (after 2 and 24 h of immersion in water), and static bending, internal bonding, screw withdrawal and Janka hardness. Results of physical-mechanical properties were greatest in particleboard produced exclusively with pine wood and decreased as the percentage of capim-annoniincreased. However, mixtures of pine particles with capim-annoni particles were effective in homogenizing plate density, which could make these particleboards suitable for applications not requiring high requests, such as thermal and acoustic insulation, decoration and small crafting. Key words: particleboards, physical-mechanical properties, tannin-formaldehyde, urea-formaldehyde | ||
| 650 | _aPINHEIRO | ||
| 650 | _aCAPIM-ANNONI | ||
| 650 | _aPAINEL DE MADEIRA | ||
| 650 | _aPROPRIEDADE MECÂNICA | ||
| 650 | _aINDÚSTRIA FLORESTAL | ||
| 773 | 0 |
_04656 _9359958 _dRecife-PE Universidade Federal Rural de Pernambuco 2006 _o2026-0348 _tRevista Brasileira de Ciências Agrárias (Brazil) _x1981-1160 _gv. 11(3) p. 230-237; (2016) _wBR2025005516 |
|
| 856 | _uhttp://www.agraria.pro.br/ojs32/index.php/RBCA/article/view/v11i3a5376/497 | ||
| 942 | _cANA | ||
| 999 |
_c339937 _d339937 |
||